00437nam a22001457a 450000500170000000800410001702000180005804100080007608200120008410000220009624500810011826000410019930000220024065000290026220250404172445.0250404b |||||||| |||| 00| 0 eng d a9781837971251 aeng a658 MAN aManners, Crispin  aHow To Sell Value Demystified: A Practical Guide For Communications Agencies aUKbEmerald Publishing Limitedc2023 a126:. pages 22 cm aSelling; Customer Values